60 Most Famous Cities in Colombia on a Map - Statistics

General Stats
  • This quiz has been taken 120 times
  • The average score is 29 of 61
Answers on the Map
Answers color-coded by a green-red scale on the quiz's map according to % correct below.
 
Answer Stats
Wiki Monthly Views Cityquiz Mention Rate Population Answers % Correct
216.88K 57.80% 7876.00K Bogotá
99%
78.05K 23.91% 2234.40K Cali
99%
157.42K 30.57% 2553.60K Medellín
99%
64.34K 13.70% 1322.90K Barranquilla
95%
110.66K 15.26% 931.50K Cartagena
95%
29.34K 3.90% 605.00K Bucaramanga
75%
22.64K 3.38% 777.40K Cúcuta
73%
34.74K 3.69% 496.80K Santa Marta
71%
16.34K 2.79% 319.70K Pasto
68%
27.10K 2.25% 406.70K Pereira
63%
16.69K 1.75% 531.60K Villavicencio
62%
18.89K 2.79% 300.20K Armenia
61%
15.79K 1.39% 490.30K Valledupar
61%
17.37K 2.18% 503.60K Ibagué
60%
20.28K 1.49% 430.30K Manizales
58%
13.54K 1.63% 407.50K Montería
58%
17.13K 1.63% 249.70K Buenaventura
56%
17.85K 1.65% 278.00K Popayán
56%
6.82K 1.64% 675.10K Soledad
56%
13.06K 1.22% 354.80K Neiva
55%
9.21K 1.03% 163.50K Riohacha
55%
9.34K 1.42% 778.40K Soacha
53%
14.16K 1.27% 177.70K Tunja
53%
9.30K 1.50% 546.90K Bello
52%
39.21K 1.87% 41.10K San Andrés
51%
8.24K 0.87% 121.70K Quibdó
49%
11.07K 0.91% 188.20K Barrancabermeja
47%
8.29K 0.86% 238.60K Envigado
45%
7.76K 0.97% 273.10K Sincelejo
45%
6.68K 0.76% 133.90K Chía
43%
12.26K 1.76% 39.00K Leticia
43%
6.18K 0.49% 273.40K Itagüí
41%
10.12K 1.16% 285.40K Palmira
41%
7.94K 0.72% 164.90K Yopal
41%
7.15K 0.52% 80.40K Ipiales
40%
6.91K 0.68% 114.10K Buga
39%
6.96K 0.98% 157.30K Florencia
39%
9.25K 0.63% 89.70K Tumaco
39%
4.44K 0.53% 323.30K Floridablanca
38%
6.14K 0.55% 190.00K Tuluá
38%
8.45K 0.48% 131.90K Zipaquirá
37%
6.53K 0.88% 58.50K Turbo
35%
7.73K 0.43% 115.60K Girardot
34%
9.25K 0.44% 3.49K Providencia/Santa Isabel
34%
15.35K 0.62% 95.20K Rionegro
33%
6.19K 0.47% 121.30K Sogamoso
32%
5.95K 0.39% 44.30K Mocoa
31%
6.34K 0.81% 138.20K Cartago
29%
5.52K 0.46% 117.20K Duitama
29%
10.53K 0.21% 7.90K Villa de Leyva
29%
5.57K 0.53% 110.70K Apartadó
28%
7.19K 0.34% 144.10K Fusagasugá
27%
5.85K 0.66% 3.88K Salento
25%
8.27K 0.13% 23.90K Santa Cruz de Mompox
25%
6.17K 0.10% 16.35K Santa Fe de Antioquia
24%
6.10K 2.07% 52.50K Pamplona
22%
11.32K 0.23% 5.42K Guatapé
20%
5.62K 0.43% 121.00K Ocaña
19%
5.96K 0.15% 8.18K Armero-Guayabal
17%
7.74K 0.16% 26.20K Aracataca
16%
11.99K - 2.73K San Basilio de Palenque
12%
No matching quizzes found
Score Distribution
Percent of People with Each Score
Percentile by Number Answered
Your Score History
You have not taken this quiz